| 000 -LEADER |
| fixed length control field |
02931cam a2200325Ia 4500 |
| 001 - CONTROL NUMBER |
| control field |
00843799 |
| 003 - CONTROL NUMBER IDENTIFIER |
| control field |
OCoLC |
| 005 - DATE AND TIME OF LATEST TRANSACTION |
| control field |
20190807151830.0 |
| 008 - FIXED-LENGTH DATA ELEMENTS--GENERAL INFORMATION |
| fixed length control field |
951002s1995 enka b 001 0 eng d |
| 015 ## - NATIONAL BIBLIOGRAPHY NUMBER |
| National bibliography number |
GB96-7859 |
| 020 ## - INTERNATIONAL STANDARD BOOK NUMBER |
| International Standard Book Number |
9780714832470 |
| 040 ## - CATALOGING SOURCE |
| Original cataloging agency |
EXW |
| Transcribing agency |
EXW |
| Modifying agency |
JNC |
| -- |
UKM |
| -- |
UV |
| -- |
UYB |
| -- |
BAKER |
| -- |
NLGGC |
| -- |
UV |
| -- |
BTCTA |
| -- |
YDXCP |
| -- |
LVB |
| -- |
NWACY |
| -- |
RCU |
| 042 ## - AUTHENTICATION CODE |
| Authentication code |
nbic |
| 049 ## - LOCAL HOLDINGS (OCLC) |
| Holding library |
RCUA |
| 082 04 - DEWEY DECIMAL CLASSIFICATION NUMBER |
| Classification number |
709 GOM |
| Edition number |
20 |
| 090 ## - LOCALLY ASSIGNED LC-TYPE CALL NUMBER (OCLC); LOCAL CALL NUMBER (RLIN) |
| Classification number (OCLC) (R) ; Classification number, CALL (RLIN) (NR) |
N5300 |
| Local cutter number (OCLC) ; Book number/undivided call number, CALL (RLIN) |
.G643 1995 |
| 100 1# - MAIN ENTRY--PERSONAL NAME |
| Personal name |
Gombrich, E. H. |
| Fuller form of name |
(Ernst Hans), |
| Dates associated with a name |
1909- |
| 245 14 - TITLE STATEMENT |
| Title |
The story of art / |
| Statement of responsibility, etc. |
E.H. Gombrich. |
| 250 ## - EDITION STATEMENT |
| Edition statement |
16th ed., expanded and redesigned. |
| 260 ## - PUBLICATION, DISTRIBUTION, ETC. |
| Place of publication, distribution, etc. |
London : |
| Name of publisher, distributor, etc. |
Phaidon Press, Ltd., |
| Date of publication, distribution, etc. |
c1995. |
| 300 ## - PHYSICAL DESCRIPTION |
| Extent |
688 p. : |
| Other physical details |
ill. (some col.) ; |
| Dimensions |
25 cm. |
| 504 ## - BIBLIOGRAPHY, ETC. NOTE |
| Bibliography, etc. note |
Includes bibliographical references and index. |
| 505 0# - FORMATTED CONTENTS NOTE |
| Formatted contents note |
Introduction: On arts and artists -- Strange beginnings : prehistoric and primitive peoples; Ancient America -- Art for eternity : Egypt, Mesopotamia, Crete -- The great awakening : Greece, seventh to fifth century BC -- The realm of beauty : Greece and the Greek world, fourth century BC to first century AD -- World conquerors : Romans, Buddhists, Jews and Christians, first to fourth century AD -- A parting of ways : Rome and Byzantium, fifth to thirteenth century -- Looking eastwards : Islam, China, second to thirteenth century -- Western art in the melting pot : Europe, sixth to eleventh century -- The church militant : the twelfth century -- The church triumphant : the thirteenth century -- Courtiers and burghers : the fourteenth century -- The conquest of reality : the early fifteenth century -- Tradition and innovation I : the later fifteenth century in Italy -- Traditions and innovation II : the fifteenth century in the North -- Harmony attained : Tuscany and Rome, early sixteenth century -- Light and colour : Venice and northern Italy, early sixteenth century -- The new learning spreads : Germany and the Netherlands, early sixteenth century -- A crisis of art : Europe, later sixteenth century -- Vision and visions : Catholic Europe, first half of the seventeenth century -- The mirror of nature : Holland, seventeenth century -- Power and glory I : Italy, later seventeenth and eighteenth centuries -- Power and glory II : France, Germany and Austria, late seventeenth and early eighteenth centuries -- The age of reason : England and France, eighteenth century -- The break in tradition : England, America and France, late eighteenth and early nineteenth centuries -- Permanent revolution : The nineteenth century -- In search of new standards : the late nineteenth century -- Experimental art : the first half of the twentieth century -- A story without end: The triumph of modernism ; Another turning of the tide ; The changing past. |
| 650 #0 - SUBJECT ADDED ENTRY--TOPICAL TERM |
| Topical term or geographic name entry element |
Art |
| General subdivision |
History. |
| 650 #4 - SUBJECT ADDED ENTRY--TOPICAL TERM |
| Topical term or geographic name entry element |
Arte |
| General subdivision |
Historia. |
| 650 17 - SUBJECT ADDED ENTRY--TOPICAL TERM |
| Topical term or geographic name entry element |
Beeldende kunsten. |
| Source of heading or term |
gtt. |
| 650 #6 - SUBJECT ADDED ENTRY--TOPICAL TERM |
| Topical term or geographic name entry element |
Art |
| General subdivision |
Histoire. |
| 653 0# - INDEX TERM--UNCONTROLLED |
| Uncontrolled term |
Visual arts |
| -- |
History. |
| 942 ## - ADDED ENTRY ELEMENTS (KOHA) |
| Source of classification or shelving scheme |
|
| Koha item type |
Books - Non Ficton |